Sustainability and the holistic approach to the conservation of historic cities (Record no. 72532)

MARC details
000 -LEADER
fixed length control field 01152cam a2200205 4500
001 - CONTROL NUMBER
control field ABS66582
008 - FIXED-LENGTH DATA ELEMENTS--GENERAL INFORMATION
fixed length control field 030423n2003 000 0 eng u
035 ## - SYSTEM CONTROL NUMBER
System control number (Sirsi) u122068
100 ## - MAIN ENTRY--PERSONAL NAME
Personal name Rodwell, D.
245 ## - TITLE STATEMENT
Title Sustainability and the holistic approach to the conservation of historic cities
260 ## - PUBLICATION, DISTRIBUTION, ETC.
Date of publication, distribution, etc. 2003
490 ## - SERIES STATEMENT
Series statement Journal of Architectural Conservation
Volume/sequential designation 9(1) March 2003, 58-73(8)
520 ## - SUMMARY, ETC.
Summary, etc. Summarises weaknesses in the current philosophy and practice in urban conservation. Sets out the relationship between successful architectural conservation and wider agendas of sustainability and cultural identity. Highlights the communality of approach and practice that needs to be fostered and developed between a complex range of interrelated issues and disciplines and extends to both the perceived relevance of architectural conservation and its level of attainment. [Taken from journal abstract].
590 ## - LOCAL NOTE (RLIN)
Local note ABS
650 ## - SUBJECT ADDED ENTRY--TOPICAL TERM
Topical term or geographic name entry element ARCHITECTURAL CONSERVATION
650 ## - SUBJECT ADDED ENTRY--TOPICAL TERM
Topical term or geographic name entry element Sustainability
9 (RLIN) 6271
650 ## - SUBJECT ADDED ENTRY--TOPICAL TERM
Topical term or geographic name entry element HISTORIC CITIES
690 ## - LOCAL SUBJECT ADDED ENTRY--TOPICAL TERM (OCLC, RLIN)
Topical term or geographic name as entry element BUILT ENVIRONMENT-BUILDING MAINTENANCE AND REFURBISHMENT-BUILDING CONSERVATION
942 ## - ADDED ENTRY ELEMENTS (KOHA)
Suppress in OPAC 0
Holdings
Withdrawn status Lost status Source of classification or shelving scheme Damaged status Not for loan Home library Current library Shelving location Date acquired Total Checkouts Full call number Barcode Date last seen Copy number Price effective from Koha item type
    Dewey Decimal Classification     London London Journal article 23/04/2003   ABS66582 122068-1001 06/08/2019 1 06/08/2019 Journal article